000
00281nam a2200133Ia 4500
100
_a
Bhandarkar/B.G.
942
_c
BK
654
_a
Physics
245
_a
Engineering physics
260
_b
Vrinda publication
_a
Jalgaon
_c
1981
082
_a
530
300
_a
155
546
_a
ENGLISH
999
_c
23617
_d
23617